| 000 | 00501nam a2200205Ia 4500 | ||
|---|---|---|---|
| 001 | b5719-38769 | ||
| 003 | IT-MiCISF | ||
| 008 | 161014s9999||||xx |||||||||||||| ||und|| | ||
| 040 |
_aIT-MiCISF _cIT-MiCISF |
||
| 041 | _ait | ||
| 100 | _aHonegger Fresco Grazia | ||
| 245 | 0 | _aEssere nonni | |
| 250 | _a1a ed. | ||
| 260 |
_a Como _bRed Edizioni _c1995 |
||
| 300 | _app. 147 | ||
| 500 | _a / famiglia, rapporti-nonni-nipoti / | ||
| 650 | _afamiglia | ||
| 942 | _cBK | ||
| 957 | _71 | ||
| 999 |
_a38769 _bsi _g1 _c211399 _d211399 |
||